| 000 | 00750nam a22002417a 4500 | ||
|---|---|---|---|
| 001 | sjds170100 | ||
| 003 | sjds | ||
| 005 | 20170625171937.0 | ||
| 008 | 170625b nyu||||| |||| 00| 0 spa d | ||
| 020 | _a9780021485727 (pbk.) | ||
| 020 | _a0021485720 (pbk.) | ||
| 040 | _csjds | ||
| 041 |
_aspa _heng |
||
| 100 | 1 | _aCollard, Sneed B. | |
| 245 | 1 | 0 |
_aFuego en California! / _cSneed B. Collard III ; ilustraciones de Keith R. Neely. |
| 260 |
_aNew York : _bMcGraw-Hill School Division, _c[1999?] |
||
| 300 |
_a16 pages : _bcolor illustrations ; _c24 cm. |
||
| 490 | _aAventuras (McGraw-Hill) | ||
| 650 | 0 |
_aWildfires _zCalifornia _vJuvenile fiction. |
|
| 650 | 0 |
_aFires _zCalifornia _vJuvenile fiction. |
|
| 700 | 1 | _aNeely, Keith. | |
| 942 | _cBK | ||
| 999 |
_c17731 _d17731 |
||